<?xml version="1.0" encoding="UTF-8"?>
<collection xmlns="http://www.loc.gov/MARC21/slim">
  <record>
    <leader>00000nam  2200000   4500</leader>
    <controlfield tag="001">INLIS000000000001672</controlfield>
    <controlfield tag="005">20180724142810</controlfield>
    <controlfield tag="008">180724|||||||||   |   |||   |||| ||   | </controlfield>
    <datafield tag="035" ind1=" " ind2=" ">
      <subfield code="0">010-0718001672</subfield>
    </datafield>
    <datafield tag="041" ind1=" " ind2=" ">
      <subfield code="a">id</subfield>
    </datafield>
    <datafield tag="082" ind1=" " ind2=" ">
      <subfield code="a">R. 352</subfield>
    </datafield>
    <datafield tag="090" ind1=" " ind2=" ">
      <subfield code="a">R. 352.630 202 Lem p</subfield>
    </datafield>
    <datafield tag="100" ind1=" " ind2=" ">
      <subfield code="a">LAN</subfield>
    </datafield>
    <datafield tag="245" ind1=" " ind2=" ">
      <subfield code="a">Penyusunan Pedoman Pengukuran Kompetensi Jabatan Struktural Pemerintah Daerah</subfield>
    </datafield>
    <datafield tag="260" ind1=" " ind2=" ">
      <subfield code="a">Jakarta</subfield>
      <subfield code="b">LAN Jakata</subfield>
      <subfield code="c">2009</subfield>
    </datafield>
    <datafield tag="300" ind1=" " ind2=" ">
      <subfield code="a">xix, 108 hlm., Ilus, 25 cm</subfield>
    </datafield>
    <datafield tag="650" ind1=" " ind2=" ">
      <subfield code="a">Pengukuran Kompetensi</subfield>
    </datafield>
  </record>
</collection>
